La cantante calva: antipieza
Gardado en:
| Autor Principal: | |
|---|---|
| Formato: | Libro |
| Idioma: | Lingua castelá |
| Publicado: |
París
Librarie Gallimard
1954
|
| Subjects: | |
| Tags: |
Engadir etiqueta
Sen Etiquetas, Sexa o primeiro en etiquetar este rexistro!
|
MARC
| LEADER | 00000nam a2200000 a 4500 | ||
|---|---|---|---|
| 001 | UCH8232 | ||
| 003 | CL-VaPUC | ||
| 008 | 091127e19540000FR |||||||||||||||||spa|d | ||
| 082 | 0 | 4 | |a 842 |b ION |2 21 |
| 100 | |a Ionesco, Eugène |e author |9 318943 | ||
| 245 | 1 | 3 | |a La cantante calva: antipieza |
| 246 | 1 | 3 | |a La lección: drama cómico |
| 300 | |a 78 p | ||
| 942 | |c BK | ||
| 945 | |d 20091127 00:00:00 |a lazolas | ||
| 260 | |a París |b Librarie Gallimard |c 1954 | ||
| 650 | 0 | |a Drama francés |9 313202 | |
| 583 | |a last modification |c 20091127 00:00:00 |k Rodrigo Vera | ||
| 999 | |c 338464 |d 338462 | ||